Statistics for 50 Biggest Cities in Finland

Click here to take the quiz!

General Stats

  • This quiz has been taken 201 times
  • The average score is 28 of 50

Answer Stats

PopulationCity% Correct
630 000Helsinki
100%
185 000Turku
96%
200 000Oulu
94%
225 000Tampere
94%
270 000Espoo
93%
140 000Jyväskylä
86%
60 000Rovaniemi
86%
215 000Vantaa
86%
115 000Kuopio
81%
120 000Lahti
80%
85 000Pori
77%
75 000Joensuu
75%
75 000Lappeenranta
75%
65 000Vaasa
75%
85 000Kouvola
68%
55 000Mikkeli
68%
70 000Hämeenlinna
67%
55 000Kotka
67%
50 000Porvoo
67%
20 000Kemi
59%
50 000Kokkola
59%
60 000Seinäjoki
59%
40 000Rauma
57%
40 000Kajaani
54%
55 000Salo
54%
35 000Savonlinna
53%
25 000Tornio
53%
25 000Imatra
52%
45 000Hyvinkää
51%
40 000Järvenpää
50%
30 000Riihimäki
49%
35 000Kerava
46%
35 000Kirkkonummi
42%
35 000Nokia
41%
40 000Lohja
40%
35 000Tuusula
40%
20 000Hamina
38%
20 000Varkaus
38%
40 000Nurmijärvi
36%
20 000Jämsä
33%
25 000Raahe
33%
20 000Iisalmi
31%
30 000Kaarina
30%
25 000Raisio
30%
30 000Ylöjärvi
25%
30 000Raseborg
22%
25 000Hollola
21%
25 000Vihti
21%
25 000Sastamala
20%
30 000Kangasala
19%

Score Distribution

Percentile by Number Answered

Percent of People with Each Score

Your Score History

You have not taken this quiz